[Event "Sarajevo Bosnia 34th"]
[Site "Sarajevo"]
[Date "2004.05.19"]
[Round "2"]
[White "Short, Nigel D"]
[Black "Movsesian, Sergei"]
[Result "0-1"]
[WhiteElo "2712"]
[BlackElo "2647"]
[Annotator "Ribli,Z"]
[PlyCount "72"]
[EventDate "2004.05.18"]
[EventType "tourn"]
[EventRounds "9"]
[EventCountry "BIH"]
[EventCategory "15"]
[SourceTitle "CBM 101"]
[Source "ChessBase"]
[SourceDate "2004.07.27"]
[SourceVersion "1"]
[SourceVersionDate "2004.07.27"]
[SourceQuality "1"]

1. e4 {Ftacnik} c5 2. Nf3 Nc6 3. d4 cxd4 4. Nxd4 Qc7 5. Nc3 e6 6. Be3 a6 7. Qd2
Nf6 8. O-O-O Bb4 9. f3 Ne5 10. Nb3 b5 11. Bd4 {Heutzutage spielt man diesen
Läuferzug automatisch. Die Grundpartie der Variante mit 11.Bd4 ist Anand,
V-Portisch,L/Biel 1993.} O-O $5 {[%mdl 8] Dieser Zug wird sehr selten gespielt
und das ist die erste Partie, wo ein starker Großmeister sie ausprobiert.
Schwarz bringt seinen König in Sicherheit und er kann sein Gegenspiel am
Damenflügel in Abhängigkeit des weißen Spiels fortsetzen. Die Alternativen
sind 11...Bb7 und 11...Be7.} (11... Bb7 12. Qg5 (12. Kb1 Be7 13. Qg5 Ng6 14.
Qg3 (14. e5 Nd5 15. Nxd5 Bxd5 16. Qe3 Rc8 17. Bd3 O-O 18. h4 {1/2-1/2 Korneev,
O-Oms Pallise,J/Albacete ESP 2000/(48).}) 14... e5 15. Be3 O-O 16. Qf2 Rac8 17.
h4 b4 18. Na4 Bxe4 $1 $17 {0-1 Mazi,L-Ribli,Z/Kraig 2003 (49)}) 12... Ng6 13.
Bxf6 (13. Qg3 e5 14. Be3 Rc8 15. Qf2 Bxc3 16. bxc3 O-O 17. Bc5 d5 $44 {0-1
Aagaard,J-Al Modiahki,M/Port Erin IOM 2003/(39)}) (13. Bc5 Bxc5 14. Qxc5 Qxc5
15. Nxc5 Bc6 $11 {0-1 Nyysti,S-Ivanisevic,I/Istanbul 2003/CBM 96/[Ribli] (53)})
13... gxf6 14. Qxf6 Rc8 15. Qd4 Bxc3 16. bxc3 O-O 17. Kb2 Rfd8 18. Bd3 d5 {
1/2-1/2 Bezemer,A-Handke,F/Amsterdam 2001/CBM 83 ext (61)'} 19. exd5 Bxd5 20.
Qf6 Ne5 21. Nc5 Ng6 22. Bxg6 hxg6 23. Rd4 Qxc5 24. Rh4 Qxc3+ {1/2-1/2 Bezemer,
A-Handke,F/Amsterdam NED 2001/(61)}) (11... Be7) 12. Qg5 (12. Kb1 $5) 12... Bd6
{Die schwarze Drohung ist 13...Nxf3+ 14.gxf3 Bf4+ mit Damengewinn.} 13. Kb1 Bb7
{Ftacnik: 'The first independent move, Movsesian is provoking the opponent
into combination with taking the pawn on b5.'} (13... Ng6 14. Bxf6 Bf4 15. Qc5
gxf6 16. g3 $14) (13... h6 14. Qd2 $14) 14. Bxb5 {'!?' Ftacnik. Das ist die
konsequente Fortsetzung des weißen Spiels, aber im Weiteren - nach großen
Komplikationen - bekommt Schwarz (!) gute Angriffschancen oder mindestens
ausgezeichnete Kompemsation.} (14. Nc5 {Ftacnik} h6 15. Qe3 Bc6 $13) 14... h6
$1 {Ein ausgezeichneter Zwischenzug - Schwarz verjagt die weiße Dame von g5.} (
14... axb5 $2 15. Nxb5 h6 16. Qg3 Nh5 17. Qh4 Qc6 18. Nxd6 Qxd6 19. Qxh5 $18)
15. Qe3 (15. Qg3 Rfc8 (15... Nc6 16. Qf2 Nxd4 17. Rxd4 Be5 18. Rc4 Qd8 19. Ba4
d5 $44) 16. Be2 Nc6 17. Qh4 Nxd4 18. Nxd4 Be5 $44) (15. Qh4 axb5 16. Nxb5 Qc6
17. Nxd6 Qxd6 18. Qg3 Qa6 {Mit Zugumstellung haben wir die Partiefortsetzung.})
15... axb5 16. Nxb5 Qc6 17. Nxd6 Qxd6 18. Qf4 {Ftacnik: 'Both players have
tried to evaluate the consequence of this complicated exchange of blows. Black
will manage to get the contours of an attack, but white king in the center
should not be unduly worried.'} (18. Bc5 Qa6 19. Bxf8 Qxa2+ 20. Kc1 Nc4 $19) (
18. Qc3 Rfc8 (18... Qa6 {Ftacnik} 19. Bxe5 Qxa2+ 20. Kc1 Rfc8 21. Qb4 Bc6 22.
Kd2 $16) (18... Ng6 $1 {Ftacnik} 19. Bxf6 Qa6 20. Bxg7 Qxa2+ 21. Kc1 Rfc8 22.
Nc5 (22. Qb4 Kxg7 23. Qxb7 Rab8 $19) 22... Rxc5 23. Qxc5 Kxg7 24. Kd2 Rc8 $13)
(18... Qa6 19. Bxe5 Qxa2+ 20. Kc1 Rfc8 21. Qb4 Bc6 22. Kd2 $16) 19. Bxe5 Qa6
$44) 18... Qa6 {[%cal Ra8a2]} 19. Bxe5 (19. Qxe5 {Ftacnik} d6 (19... Qxa2+ 20.
Kc1 Rfc8 21. Kd2 Qa4 22. Nc5 Qb5 23. Qg3 $14) 20. Qa5 Qxa5 21. Nxa5 Rxa5 22.
Bxf6 gxf6 23. Rxd6 f5 $13) 19... Qxa2+ 20. Kc1 Rfc8 $44 {[%csl Ga2,Rb3,Rc1]
[%cal Gc8c1,Ga8a2] Schwarz hat einen Bauern weniger, aber er hat vollwertige
Kompensation, da sein Angriff sehr gefährlich ist.} 21. Kd2 (21. Bxf6 $2 Qxb3
$19) (21. Rd3 Ba6 22. Rc3 Rxc3 23. Bxc3 Bc4 $44) 21... Qa4 22. Rc1 {'?'
Ftacnik. Ftacnik: 'In higher sense an excellent move, white is protecting the
only real weakness of his position. Short was clearly loth to part with his
dominating bishop e5, but within a few moves it will become a modest onlooker
while the knight from f6 will rise to fame.'} (22. Bxf6 {'!' Ftacnik.} gxf6 23.
Qxf6 (23. Rc1 {Ftacnik} Qb4+ 24. Kd1 $16) 23... Qb4+ $132) 22... Ne8 {[%cal
Gf7f6,Gf6e5] Schwarz bringt seinen Springer in Sicherheit und nun kann er f6
und d5 spielen.} 23. Rhd1 f6 {Schwarz beschränkt den Wirkungskreis des
e5-Läufers.} 24. Bc3 d5 {[%cal Ga4f4] Schwarz öffnet die Stellung, was
besonders unangenehm für Weiß ist, weils sein König in der Mitte steht.} 25.
Qg4 (25. Ra1 {Ftacnik} Qc4 26. Rxa8 (26. Na5 Rxa5 27. Bxa5 Qxc2+ 28. Ke1 Qc5 $1
$15) 26... Bxa8 27. Ke1 dxe4 $11) 25... dxe4 {'!' Ftacnik.} 26. Qxe6+ Kh8 27.
Nd4 (27. fxe4 {Ftacnik} Nd6 $1 28. Ke1 Nxe4 $15) 27... Ra6 28. Qe7 (28. Qg4 Nd6
$44) 28... Nd6 {[%csl Rd2,Gd6,Re7][%cal Gd6f5,Gd6c4][%mdl 2048] Ftacnik: 'It
becomes obvious, that something went badly wrong for white. The king on d2 is
not at all safe and black pieces are approaching very quickly.' Schwarz hat
ausgezeichnete Figurenspiel.} 29. Ne6 Rg8 30. Ke1 (30. Bxf6 Nf5 $1 $19 (30...
gxf6 31. Qxf6+ Kh7 32. Qf7+ Kh8 $11)) 30... exf3 31. Rd4 Qe8 $19 {[%cal Re8e1]
Auf diese Weise gewinnt Schwarz Material und die Partie.} 32. Qxe8 Rxe8 33.
gxf3 Nf5 (33... Rxe6+ $19) (33... Nb5 $19) 34. Rf4 Raxe6+ 35. Kf2 Re2+ 36. Kg1
Ne3 0-1

[Event "Maribor Pirc Memorial"]
[Site "Maribor"]
[Date "1996.??.??"]
[Round "?"]
[White "Sax, Gyula"]
[Black "Gostisa, Leon F"]
[Result "1-0"]
[WhiteElo "2560"]
[BlackElo "2425"]
[Annotator "Ribli,Z"]
[PlyCount "57"]
[EventDate "1996.05.??"]
[EventType "tourn"]
[EventRounds "11"]
[EventCountry "SLO"]
[EventCategory "10"]
[SourceTitle "CBM 055"]
[Source "ChessBase"]
[SourceDate "1996.12.01"]
[SourceVersion "1"]
[SourceVersionDate "1996.12.01"]
[SourceQuality "1"]

1. e4 {Petursson} c5 2. Nf3 e6 3. d4 cxd4 4. Nxd4 Nc6 5. Nc3 Qc7 6. Be3 a6 7.
Bd3 Nf6 8. O-O Ne5 9. h3 b5 {Ribli.Das ist die alte Variante. Heutzutage ist 8.
..b5 in Mode oder nach 8...Ne5 9.h3 Bc5. Der Textzug wird selten gespielt,
aber es ist eine Lieblingsvariante von Gostisa.} 10. f4 Nc4 11. Bxc4 Qxc4 12.
Qd3 (12. e5 Nd5 (12... b4 13. exf6 bxc3 14. b3 Qd5 15. Qe2 gxf6 16. f5 $36) 13.
Nxd5 Qxd5 14. Qe2 (14. Nb3 Bb7 15. Rf2 Rc8 16. c3 b4 17. Bd4 a5 {
Matthias-Gostisa,Lippstadt,1994.}) 14... Bb7 15. Nb3 Rc8 16. c3 Qc4 17. Qf2 Bd5
18. Rad1 Be7 {Riegler-Gostisa,Nova Gorica 1994.}) 12... d5 (12... Bb7 13. a4
Qxd3 14. cxd3 b4 15. Nce2 Bc5 16. Rfc1 d6 17. Kf2 Ke7 18. Nb3 Bxe3+ 19. Kxe3
$14 {Landenbergue,C-Gostisa,L/Ptuj zt/1995/CBM47/}) 13. e5 Nd7 14. Qd1 $5 {
Ribli.Schwarz hat das Laeuferpaar, aber sein c8-Laeufer sucht noch seinen
Platz, und Weiss hat grossen Entwicklungsvorspung.} (14. Qxc4 dxc4 15. f5 Nxe5
16. fxe6 Bxe6 17. Rae1 Nd7 18. Nxe6 fxe6 19. Bd4 O-O-O $10 {Fischer,
R-Petrosian,T/Santa Monica/1966/}) (14. a4 b4 15. Na2 Bb7 16. Qd2 $1 Be7 17. b3
Qc7 18. Nxb4 $16 {Kuijpers,F-Mecking,H/Wijk/1971/}) 14... g6 15. a4 b4 16. Na2
$13 Be7 17. c3 bxc3 18. Nxc3 Nc5 $6 (18... O-O 19. Rc1 Bb7) (18... Bb7) 19. Rc1
Bd7 (19... Qd3 20. Qf3 $16 {Ribli.Und schwarze Dame hat keine Ruhe.}) 20. f5 $1
$16 gxf5 (20... Qd3 21. Qf3 gxf5 22. Rfd1 Qc4 23. Ncb5 (23. Nxf5 {Petursson}
exf5 24. Nxd5 Qe4 25. Nc7+ $18 {Petursson: Black had to wait in this position,
20.....0-0, was maybe best.})) (20... Nxa4 21. Nxa4 Qxa4 (21... Bxa4 22. b3)
22. fxe6 fxe6 23. Nxe6 Qxd1 24. Ng7+ Kd8 25. Bb6#) (20... Bxa4 21. Nxa4 Qxa4
22. Qxa4+ Nxa4 23. fxe6) 21. Nxf5 (21. Ncb5 axb5 22. Rxc4 bxc4 $15) 21... Qd3 (
21... Nb3 22. Nb5 (22. Rf4 d4 23. Ne4)) (21... exf5 22. Nxd5 Qd3 23. Bxc5 Qxd1
24. Rfxd1) 22. Ng7+ Kd8 $2 {Ribli. Die Partiefortsetzung verliert sofort. Die
einzige Chance fuer Schwarz ist 22...Kf8.} (22... Kf8 23. Qf3 (23. Bh6 {
Petursson} Qxd1 $8 24. Rfxd1 Kg8 25. Nh5 $16) 23... Qg6 24. Bh6 (24. Nh5 $13)
24... Kg8 25. Nh5 $13) 23. Qxd3 Nxd3 24. Bb6+ $18 Kc8 25. Nxd5+ Nxc1 (25... Kb8
26. Nxe7 Nxc1 27. Rxc1 Bxa4 28. Rc7 $18 (28. Nh5 $18)) 26. Rxc1+ Kb8 27. Nxe7
Bxa4 28. Nh5 Kb7 29. Ba5 {Ribli.Der schwarze Koenig befindet sich im Mattnetz.
Weiss hat darueber hinaus Materialvorteil.} 1-0

[Event "Politiken Cup 18th"]
[Site "Copenhagen"]
[Date "1996.??.??"]
[Round "3"]
[White "Furhoff, Johan"]
[Black "Emms, John M"]
[Result "0-1"]
[WhiteElo "2305"]
[BlackElo "2500"]
[Annotator "Ribli,Z"]
[PlyCount "76"]
[EventDate "1996.06.??"]
[EventType "swiss"]
[EventRounds "11"]
[EventCountry "DEN"]
[SourceTitle "CBM 054"]
[Source "ChessBase"]
[SourceDate "1996.10.01"]
[SourceVersion "1"]
[SourceVersionDate "1996.10.01"]
[SourceQuality "1"]

1. e4 {Meulders,R} c5 2. Nf3 e6 3. d4 cxd4 4. Nxd4 Nc6 5. Nc3 Qc7 6. Be3 a6 7.
Bd3 Nf6 8. O-O Bd6 {Diese, besonders in den 60-iger Jahren, populäre Variante
ist heutzutage wieder in Mode.} 9. Nxc6 (9. f4 Nxd4 (9... Bc5 10. Nf5 Bxe3+ (
10... Ne7 $6 11. Nxg7+ Kf8 12. Bxc5 Qxc5+ 13. Kh1 Kxg7 14. e5 Ne8 15. Ne4 Qc7
16. Qh5 $40 {Topalov,V-Huebner,R/Wijk/1996/CBM51/INF65,189/}) 11. Nxe3 d6 12.
Kh1 O-O 13. g4 b5 14. g5 Nd7 15. Qh5 $40 {Timman,J-Short,N/Amsterdam VSB/1996/
CBM52/}) 10. e5 Nc6 $5 11. exf6 gxf6 12. Ne4 Be7 13. Qg4 (13. f5 $5) 13... f5
14. Qg7 Rf8 15. Nf6+ Bxf6 16. Qxf6 d6 17. Rae1 Ne7 18. Bf2 b5 19. Bh4 Bb7 20.
Rf2 Rg8 $132 {Klovans-Suetin,A/Forchtenberg/1996/INF66,157/}) 9... bxc6 $1 (
9... dxc6 10. f4 e5 11. f5 h5 12. h3 Qa5 13. Qf3 Bc5 14. Qf2 Bxe3 15. Qxe3 $14
{Furhoff,J-Auchenberg,P/Copenhagen op/1995/EXP47/}) 10. f4 e5 11. f5 {Weiß hat
jetzt Raumvorteil, und der Läufer auf d6 ist nicht gut postiert. Schwarz hat
jedoch die Möglichkeit zu späterem d5, ein gefährlicher Vorstoß im Zentrum.}
Be7 12. Qf3 Bb7 13. Na4 {Ich glaube, die kritische Variante für Schwarz ist 13.
Bc4 d5 14.exd5 cxd5 15.Nxd5 Qxc4 16.Nxf6 Bxf6 17.Qxb7 0-0 18.Qb3. In diesem
Falle hat Schwarz  Druck am Damenflügel, aber das ist vielleicht nicht genug
für einen Bauern.} d5 14. Bb6 (14. c4 d4 15. Bd2 c5 16. b3 h6 17. Rae1 a5 18.
Nb2 Nd7 $13 {Boudre,J-Dizdarevic,E/EUCup f/1993/CBM39/}) 14... Qb8 15. c4 (15.
Qg3 $6 O-O 16. Be3 Kh8 $132 {Duckstein-Portisch,L/Raach/1969/INF08,347/}) 15...
O-O {Meulders: Besser als 15...dxe4 16.Lxe4 Sxe4 17.Dxe4, mit besseren Chancen
fuer Weiss.} (15... dxc4 16. Bxc4 c5 17. Bxc5 Bxc5+ 18. Nxc5 Qa7 19. b4 Bxe4
$13 {Tseitlin - Kurajica/Benasque/1993/}) 16. Bf2 (16. Kh1 Re8 17. b3 a5 18.
Rac1 d4 19. Bc5 Nd7 $13 {Emms,J-Mortensen,E/Copenhagen BSF/1995/CBM46/}) 16...
Re8 17. Nc3 {Meulders: Weiß möchte den Bauern d5 zu einer Erklärung zwingen,
aber der nächste schwarze Zug macht dies unmöglich.} (17. Nb6 $5 {Meulders,R}
dxe4 18. Bxe4 Nxe4 19. Qxe4 c5 20. Qg4 Bxg2 21. Nd7 Qc8 22. f6 Bf8 23. Kxg2 $18
{;20...Lf3! 21.Dxf3 Dxb6=}) 17... Bb4 $13 {Schwarz beginnt eine Aktion im
Zentrum, aber seine Läufer kommen nicht zur Wirkung.} 18. Ne2 Qd6 19. Kh1 Rad8
{Meulders: Jetzt, nach 3 zurueckhaltenden weissen Zuegen, steht Schwarz eher
besser.} 20. Bh4 dxe4 21. Bxe4 Nxe4 22. Qxe4 (22. Bxd8 {Meulders,R} Nd2) 22...
f6 $15 {Es scheint,das Dank seinem Lauferpaar, und feste e5-Bauernstellung
Schwarz steht etwas besser, aber wenn Weiss kann halten die Kontrolle ueber
das Feld e4, er steht nicht schlechter.} 23. a3 (23. Bf2) 23... Bd2 24. Rad1 (
24. Bf2 Qd3 25. Ng3 Qb3 26. Qe2 e4 $5 27. Nxe4 Qc2 $5 (27... c5 28. Nxd2 (28.
Nxc5) 28... Qh3 29. Nf3 Rxe2 30. gxh3 Bxf3+ 31. Kg1 Rxb2 $17)) 24... Qe7 25.
Qc2 Be3 26. Qb3 Bd4 27. Nxd4 exd4 28. c5+ Qf7 29. Qf3 (29. Qxf7+ $10) 29... Qd5
30. Bg3 Re4 {Interessante Stellung. Der schwarze Läufer auf b7 ist nicht
besonders stark, aber seine schwere "Artillerie" mit dem vormarschiertem
d-Bauer garantiert Schwarz die besseren Aussichten.} (30... Qxc5 $4 {Meulders,R
} 31. Qb3+ $18) 31. Bf2 (31. Bd6 a5 {und der Läufer kommt ins Spiel.}) (31. Bd6
{Meulders,R}) 31... Bc8 (31... d3) (31... a5) 32. Rde1 Bxf5 $17 33. b4 d3 34.
Be3 Bg6 35. Bd2 Re2 $19 {Trotz ungleichfarbiger Läufer ist die weiße Stellung
hoffnungslos. Der d-Bauer entscheidet die Partie.} 36. Qxd5+ Rxd5 37. Bc3 Rc2
38. Rc1 d2 {Und Weiß kann den entscheidenden Materielverlust nicht vermeiden.
Ribli} 0-1

[Event "Balatonbereny GM"]
[Site "Balatonbereny"]
[Date "1996.??.??"]
[Round "8"]
[White "Varga, Zoltan"]
[Black "Horvath, Jozsef"]
[Result "1/2-1/2"]
[WhiteElo "2540"]
[BlackElo "2505"]
[Annotator "Ribli,Z"]
[PlyCount "55"]
[EventDate "1996.06.13"]
[EventType "tourn"]
[EventRounds "11"]
[EventCountry "HUN"]
[EventCategory "11"]
[SourceTitle "CBM 055"]
[Source "ChessBase"]
[SourceDate "1996.12.01"]
[SourceVersion "1"]
[SourceVersionDate "1996.12.01"]
[SourceQuality "1"]

1. e4 c5 2. Nf3 Nc6 3. d4 cxd4 4. Nxd4 Qc7 5. Nc3 e6 6. Be3 a6 7. Bd3 {Ribli.
Wird heutzutage sehr oft gespielt.} Nf6 8. O-O Ne5 (8... b5) 9. h3 Bc5 10. Na4
(10. f4 Nc6 11. Be2 (11. Nf5 $5) 11... Qb6 12. Na4 Bxd4 13. Nxb6 Bxe3+ 14. Kh1
Bxb6 15. Bf3 O-O $15 16. c3 $2 (16. e5) 16... d5 17. e5 Ne4 18. Qe1 f5 $17 {
Zemerov - Horvath,J, Budapest 1996.}) 10... Ba7 11. c4 d6 (11... Nxc4 $2 12.
Bxc4 Qxc4 13. Rc1 Qb4 14. Nxe6 dxe6 15. Bxa7) 12. Rc1 Bd7 (12... Nxd3 $6 13.
Qxd3 Bd7 (13... Nd7 14. Nf3 Bxe3 15. Qxe3 b6 16. Rfd1 $14 {Mainka,R-Langeweg,K/
Candas op/1992/}) 14. Nc3 O-O 15. Rfd1 Rfc8 16. b3 Ne8 17. Nf3 $14 {Tal,
M-Panno,O/Buenos Aires Najdorf/1991/CBM24/}) 13. Nc3 O-O 14. b3 (14. Be2 Rac8 (
14... Rfd8) (14... Rfc8 15. b3 Bc5)) 14... Bc5 {Ribli. Ein nuetzlicher Zug.
Mit diesem Zug vermeidet Schwarz verschiedene Motive, in denen der Laeufer
ungedeckt ist.} (14... Rac8 15. Nxe6 $2 fxe6 16. Bxa7 b6) (14... Qa5 15. a4 Bc5
16. Bb1 Qb6 17. Re1 Rfd8 18. Na2 Nc6 $13 {Feher,G-Fogarasi,T/Budapest Elekes/
1992/}) 15. Nc2 (15. Bb1 Ng6 16. Bg5 $13 {Varga Zo.-Horvath,j.God,rapid.1996.})
15... Qa5 $6 (15... Bxe3 $1 16. Nxe3 Rfd8 $10) 16. Bxc5 (16. b4 $1 Bxb4 17.
Nxb4 Qxb4 18. Bd4 $44 {Ribli.Die Dame steht nicht gut auf b4, zudem droht f4.
Weiss hat mehr als ausreichenden Erzatz fuer einen Bauer.}) 16... dxc5 {
Ribli.Dieser Zug gefaellt mir nicht.Natuerlicher sieht 16...Qc5 aus.} 17. Ne1
$1 {Sehr starker positioneller Zug! Weiss verbessert nicht nur seine
Springerstellung, sondern droht auch mit 18.f4 Nd3 19.Nd3, und bereitet fuer
alle Faelle Bb1 vor.} Bc6 {Ribli. Schwarz hat zu seinem Unglück kein
Gegenspiel - Weiss kontrolliert mehr Raum.} 18. Qe2 (18. Bb1 $5) 18... Rfd8 19.
Bb1 Ng6 (19... Rd4 20. f4 Ng6 21. Qe3 Rad8 22. Nf3 {Ribli.Schwarz ist auf
ersten Blick aktiv, aber seine Figuren muessen sschrittweise zurueckweichen.})
20. e5 Ne8 21. f4 Rd4 22. Ne4 (22. Be4 $5 Bxe4 23. Nxe4 Rad8 24. g3 $14) 22...
Rad8 $15 23. Nf3 Nxf4 $1 24. Qe3 Ng6 $1 25. b4 $2 (25. Nxd4 cxd4 26. Qe1 Qxe5)
25... Qxb4 $17 26. Nxd4 cxd4 27. Qg5 Rd7 28. Qh5 {Ribli.Die Partie wurde Remis
gegeben. 29...d3? 30.Ng5 ist gut fuer Weiss, aber nach dem einfachen 29...Be4!
30.Be4 Qc5! ist die Stellung viel besser fuer Schwarz. Es droht 31...Nf6,und
der e5-Bauer haengt. Schwarz war jedoch in Zeitnot.} 1/2-1/2

[Event "EU-Cup 20th"]
[Site "Izmir"]
[Date "2004.10.07"]
[Round "5.3"]
[White "Fernandez Romero, Ernesto"]
[Black "Horvath, Adam"]
[Result "0-1"]
[WhiteElo "2471"]
[BlackElo "2532"]
[Annotator "Ribli,Z"]
[PlyCount "78"]
[EventDate "2004.10.03"]
[EventType "team-swiss"]
[EventRounds "7"]
[EventCountry "TUR"]
[SourceTitle "CBM 104"]
[Source "ChessBase"]
[SourceDate "2005.01.27"]
[SourceVersion "1"]
[SourceVersionDate "2005.01.27"]
[SourceQuality "1"]
[WhiteTeam "Tiendas"]
[BlackTeam "Zalaegerszeg"]
[WhiteTeamCountry "ESP"]
[BlackTeamCountry "HUN"]

1. e4 c5 2. Nc3 e6 3. Nge2 Nc6 4. d4 cxd4 5. Nxd4 Qc7 6. Be3 a6 7. Qd2 Nf6 8.
O-O-O Bb4 9. f3 Ne5 {Das ist die Hauptvariante, aber die Alternativen - 9...
Na5 und 9...Ne7 - sind auch spielbar.} 10. Nb3 b5 11. Bd4 {Das ist die
"klassische" Fortsetzung, aber die Alternative 11.Qe1 erscheint mir
chancenreicher.} Be7 (11... Bb7) 12. Qf2 Bb7 {'N!?' Ein natürlicher
Läuferentwicklungszug und gleichzeitig eine theoretische Neuerung! Bis jetzt
spielte Schwarz gewöhnlich 12...d6 in dieser Stellung, was eigentlich ein
Sicherungszug ist. Mit der Partiefortsetzung möchte der ungarische Großmeister
den Sicherungszug sparen und möglicherweise d7-d6 anstatt d7-d5 ziehen.} (12...
d6 13. g4 O-O 14. g5 (14. h4 Nfd7 15. g5 b4 16. Ne2 Bb7 17. Kb1 a5 18. Ng3 a4
19. Nc1 Rfc8 20. Bd3 d5 {0-1 Acher,M-Lazarev,V/Nice 2003 (30)}) 14... Nfd7 15.
f4 Nc6 16. Be3 Bb7 17. Kb1 Na5 18. Nxa5 Qxa5 19. Bg2 Rac8 {1/2-1/2 Sakaev,K-Xu
Jun/Moscow CHN 2004/(30)}) 13. Bb6 {Dieser Zug kommt mit Tempo, aber im
Folgenden wird der b6B unglücklich stehen. Ich glaube, es wäre besser,
entweder die Einladung anzunehmen (13.Qg3) oder am Königsflügel mit 13.g4!?
anzugreifen.} (13. Qg3 {[%cal Rg3g7,Rg3e5]} d6 14. Qxg7 Rg8 15. Qh6 Nxe4 16.
Qxh7 (16. Nxe4 Bxe4 $19 {[%cal Rc7c2,Re7g5,Rg5h6]}) 16... Bg5+ 17. Kb1 Nf6 18.
Qh3 b4 $44) (13. g4 $5) 13... Qb8 14. Na5 (14. Bd4) 14... d6 (14... b4 15. Na4
$14 (15. Ne2 d5 $11)) (14... Nc6 $11) (14... O-O $11) 15. Nxb7 {'?!' Weiß
tauscht den schwarzen Läufer, ich muss aber anmerken, dass der Springer schon
so viele Tempos verloren hat Nf3-Nxd4-Nb3-Na5 und jetzt Nxb7. Es wäre besser,
mit diesem Tausch zu warten.} (15. Kb1 $5) 15... Qxb7 16. Kb1 O-O {'=/+' Weiß
hat das Läuferpaar, aber die schwarze Stellung ist bequem. Im Folgenden kann
Schwarz Chancen am Damenflügel bekommen.} 17. Bd3 (17. g4 $2 Nxf3 $17) 17...
Rfc8 18. Be3 (18. Ne2 Nc4 $15 (18... b4 $15)) 18... Nc4 (18... b4 19. Na4 (19.
Ne2 d5 20. exd5 Nxd3 21. Rxd3 Nxd5 $15) 19... Bd8 20. Nb6 Bxb6 21. Bxb6 d5 $15)
19. Bxc4 {Weiß tauscht den starken c4-Springer, aber im Folgenden bekommt
Schwarz starken Druck auf der c-Linie.} (19. Bc1 $5) 19... Rxc4 (19... bxc4 20.
Bc1 d5 $36) 20. g4 {'?!' Guter Rat ist für Weiß teuer - mit dem Textzug möchte
Weiß am Königsflügel aktiv spielen, aber dieser Zug ist nur Zeitverlust. In
der schweren Stellung wäre es für Weiß besser, eine bessere Verteidigung zu
organisieren.} (20. Ne2 Rac8 21. c3 d5 $15 (21... b4 22. cxb4 Qxb4 23. Rc1 d5
$15)) 20... Rac8 21. Rc1 Nd7 {'!' Der Springer kommt durch e5 ins Spiel und
bf6 wird auch möglich.} 22. Ne2 Ne5 23. Nf4 R4c7 {Der Turm geht zurück und
gibt das c4-Feld für den Springer frei.} 24. Nd3 (24. b3 a5 $40 {[%cal Ga5a4]})
24... Nc4 25. g5 b4 26. h4 Qb5 27. Rhe1 (27. h5 Bxg5 $17 (27... Nxe3 28. Qxe3
Bxg5 $17)) 27... a5 28. Rcd1 a4 {'-/+' Droht 29...b3.} 29. Nc1 g6 {Mit diesem
stillen Zug öffnet Schwarz seine Grundlinie.} (29... Na3+ $5 30. bxa3 bxa3+ 31.
Nb3 Rxc2 32. Qxc2 Rxc2 33. Kxc2 Qc4+ 34. Kd2 d5 35. Rc1 Qb4+ 36. Kd1 axb3 37.
Rc8+ Bf8 38. Bc5 Qxc5 39. Rxc5 Bxc5 40. axb3 a2 41. Kc2 Bd4 $19) 30. Bd4 {'?'}
(30. Qe2 $142) 30... e5 31. Be3 Na3+ (31... Nxe3 32. Rxe3 Rxc2 33. Qxc2 Rxc2
34. Kxc2 f6 $17) 32. bxa3 bxa3+ 33. Nb3 Rxc2 34. Qxc2 Rxc2 35. Kxc2 Qc4+ 36.
Kd2 (36. Kb1 axb3 37. Rd2 bxa2+ 38. Rxa2 (38. Ka1 d5 $19 {[%cal Re7b4,Rb4e1,
Rc3a1]}) 38... Qb3+ 39. Ka1 Qc3+ $19) 36... d5 {'!' Endlich kommt der e7B ins
Spiel - droht 37...Bb4#.} 37. Bc5 (37. Rc1 Qb4+ 38. Kd1 axb3 $19) 37... axb3 (
37... Bxc5 38. Nxc5 Qxc5 39. exd5 Qxd5+ $19) 38. Rc1 Bxc5 39. Rxc4 dxc4 0-1